Ministerstvá nestíhajú míňať pridelené peniaze

Bibliographic Details
Main Author: Jaroš, Martin (Author)
Format: Article
Language:Slovak
Subjects:

MARC

LEADER 00000nab a2200000 a 4500
001 vtls000997348
003 SK-MaSNL
005 20260304043402.0
008 041215c20041105xo dr|n|||||||000 b|slo
015 |a SNBR2004/12  |2 SNKBUCL 
040 |a SNKBUCL  |b slo  |c SK  |e AACR2 
041 0 |a slo 
044 |a xo  |c SK 
080 |a 354  |x (437.6)  |2 UDC-MRF-SK2 
080 |a 336.14  |x (437.6)  |2 UDC-MRF-SK2 
100 1 |a Jaroš, Martin  |4 aut  |9 813306 
245 1 0 |a Ministerstvá nestíhajú míňať pridelené peniaze  |c Martin Jaroš 
300 |b Fotogr., tab. 
648 7 |a 2004, 1.-3. štvrťrok   |2 snkbucl  |9 1326567 
650 0 7 |a rozpočtové výdavky  |2 snkbucl  |9 1326568 
650 0 7 |a ministerstvá  |2 snkbucl  |9 30622 
651 7 |a Slovensko  |2 snkbucl 
773 0 |t Sme  |g Roč. 12, č. 256 (5.11.2004), s. 5  |x 1335-440X 
852 |a SNK  |b KIS3GCP 
999 |c 2679921  |d 2681851